000 00715nam a2200217 4500
003 OSt
005 20240621063430.0
006 a
008 240621b |||||||| |||| 00| 0 eng d
020 _a9789812729576
040 _aDWCL-HMN lib.
_cOC
082 _2Sixth, Philippine edition
_aCirc. 616.890231 K29k 2012
100 _aKeltner, Norman L.
245 _aKeltner’s psychiatric nursing /
250 _aSixth, Philippine edition
260 _aSingapore :
_bElsevier (Singapore) Pte Ltd. ,
_cc2012.
300 _axix,
_b540 p. : ill. ;
_c28 cm.
504 _aIncludes bibliographical references & index.
650 _a1. Psychiatric nursing.
942 _2ddc
_n0
_cBK-CIRC
_eSixth, Philippine edition
_kCirc.
999 _c1075
_d1075